|
|
|
|
| LEADER |
01185nam a2200265 a 4500 |
| 001 |
c000004644 |
| 003 |
CARM |
| 005 |
00000000000000.0 |
| 008 |
s1965 it b 00110 ita d |
| 019 |
1 |
|
|a 62998676
|z 12465131
|z 3473543
|5 LACONCORD2021
|
| 035 |
|
|
|a (OCoLC)3691843
|5 LACONCORD2021
|
| 040 |
|
|
|a VU
|c VU
|
| 043 |
|
|
|a e-it---
|
| 082 |
1 |
|
|a 440.09
|2 19
|
| 100 |
1 |
|
|a Avalle, D'Arco Sivio.
|
| 245 |
1 |
0 |
|a Protostoria delle lingue romanze :
|b dal sec. VII ai Giuramenti di Strasburgo e con particolare riguardo al territorio gallo-romanzo /
|c D'Arco Silvio Avalle ; appunti raccolti da Giorgio de Alessi ed integrati dall'autore.
|
| 260 |
|
|
|a Torino :
|b G. Giappichelli,
|c 1965.
|
| 300 |
|
|
|a vii, 498 p. ;
|c 25 cm.
|
| 440 |
|
0 |
|a Fonti e caratteri della tradizione letteraria francese delle origini ;
|v pt. 4
|
| 504 |
|
|
|a Includes bibliographical references and index.
|
| 650 |
|
0 |
|a Romance languages
|x History.
|
| 700 |
1 |
|
|a De Alessi, Giorgio.
|
| 852 |
8 |
|
|b CARM
|h A2:AG15F0
|i C01565
|p 0081417
|f BK
|
| 999 |
f |
f |
|i 8472e889-7086-5225-a2e2-eb961d027deb
|s 6c8c2deb-9758-59c3-9c5f-a5264f3effb8
|
| 952 |
f |
f |
|p Can circulate
|a CAVAL
|b CAVAL
|c CAVAL
|d CARM 1 Store
|e C01565
|f A2:AG15F0
|h Other scheme
|i book
|m 0081417
|